000 00624nam a2200193 i 4500
001 42975
003 ES-MaACL
005 20230906160718.0
007 t|
008 030314s1968 sp ||||1| spa d
100 1 _aCencillo, Luis.
_937397
245 1 0 _aConocimiento, historia y planteamiento del problema del "apriori" de la conciencia /
_cLuis Cencillo.
260 _aMadrid :
_bFacultad de FilosofĂ­a y Letras :
_bRaycar,
_c1968.
300 _a297 p. ;
_c19 cm.
490 1 _aSyntagma. Serie B. ;
_v1
830 0 _aSyntagma. Serie B. ;
_v1
_9181972
852 _aES-MaACL
_jC-34756
_bR.66771
999 _c42975
_d42975